000 00253nam a2200097Ia 4500
008 200302s9999 xx 000 0 und d
100 _aAuthor
245 _aArchitecture & Design World Review
260 _bA Professional Creative Resource
300 _a400 P.,
999 _c5021
_d5021